Test na szczęście 2 - Nagła śmierć - Statystyki

Ogólne statystyki
  • Ten quiz został rozwiązany 217 razy
  • Średni wynik to 7 z 35
Answers on the Grid
Answers color-coded by a green-red scale on the quiz's grid according to % correct below.
.
.
.
.
.
.
.
.
.
.
.
.
.
.
.
.
.
.
.
.
.
.
.
.
.
.
.
.
.
.
.
.
.
.
.
.
.
.
.
.
 
Statystyki odpowiedzi
Odpowiedź % Poprawnych
.
32%
.
29%
.
29%
.
29%
.
24%
.
24%
.
24%
.
24%
.
22%
.
22%
.
22%
.
22%
.
22%
.
22%
.
20%
.
20%
.
20%
.
20%
.
20%
.
20%
.
17%
.
17%
.
17%
.
17%
.
17%
.
17%
.
17%
.
17%
.
17%
.
15%
.
15%
.
15%
.
15%
.
10%
.
7%
Nie znaleziono quizów pasujących do podanych kryteriów
Rozkład punktacji
Procent ludzi z każdym wynikiem
Percentyl według liczby udzielonych odpowiedzi
Twoja historia wyników
Nie rozwiązałeś tego quizu